00483nam a2200145Ia 4500008004100000020001400041041000800055082001800063100003300081245012800114250000600242260004600248300001200294650003100306210716s1972 xx 000 0 und d a070182736 aeng a658.3128 DUNJ aDunn, J D;Stephens, Elvis C. aManagement of personnel: manpower management and organizational behavior.bManpower management and organizational behavior. a1 aNew YorkbMc Graw Hill Book Companyc1972 axii,658 aHuman Resource Development